000 01032nam a2200217Ii 4500
003 JO-AjNU
005 20260414060202.0
008 230605s9999||||xx |||||||||||||| ||und||
040 _aJO-AjNU
_bara
_erda
_cJO-AjNU
041 _aara
050 1 4 _aDS154.M34 2005
100 3 _aاشراف المجالي، بكر خازر؛ متابعة وتحرير وتنسيق منتهى قبلان العبداللات، متابعة وتحرير وتنسيق جنان زكي أبو زياد,
_eauthor
_956267
245 0 0 _aمخرج/بموجب مستند اخراجات الكتب رقم70
264 3 1 _aعمان: الديوان الملكي الهاشمي، 2005
300 _a60ص
336 _atext
_btxt
_2rdacontent
337 _aunmediated
_bn
_2rdamedia
338 _avolume
_bnc
_2rdacarrier
650 4 _aالاردن - تاريخ - عبدالله بن الحسين الثاني 1999 - رفع الراية الاردنية للثورة العربية الكبرى - الديوان الملكي الاردني
_956268
942 _2lcc
_cREF
999 _c28714
_d28714